[Event "RLP-ch Seniors 26th"]
[Site "Ludwigshafen"]
[Date "2007.07.18"]
[Round "4"]
[White "Wild, Heinz Oskar"]
[Black "Tochtermann, Georg"]
[Result "1-0"]
[WhiteElo "1780"]
[BlackElo "1956"]
[PlyCount "93"]
[EventDate "2007.07.15"]
[EventType "swiss"]
[EventRounds "7"]
[EventCountry "GER"]
[SourceTitle "EXT 2009"]
[Source "ChessBase"]
[SourceDate "2008.11.26"]
[SourceVersion "1"]
[SourceVersionDate "2008.11.26"]
[SourceQuality "1"]

1. e4 d6 2. d4 Nf6 3. Nc3 c6 4. Nf3 g6 5. Be2 Bg7 6. 0-0 Qc7 7. h3 e5 8. Be3 a6 9. a4 0-0 10. a5 Nbd7 11. Qc1 Re8 12. dxe5 dxe5 13. Bc4 Nf8 14. Ng5 Be6 15. Nxe6 Nxe6 16. Bb6 Qc8 17. f3 Nf4 18. Kh2 h5 19. Qe1 Bh6 20. Rd1 Kg7 21. Rd6 g5 22. Bf2 Rd8 23. Qd1 Qc7 24. Rxd8 Rxd8 25. Qe1 Qxa5 26. g3 Ng6 27. Be3 Qc7 28. Qf2 Qc8 29. Rd1 Rxd1 30. Nxd1 Qd7 31. Qe2 b5 32. Bd3 h4 33. g4 Nf8 34. Bc1 Ne6 35. Ne3 Kg6 36. Nf5 Bf8 37. Qd2 Nf4 38. Qc3 Nxd3 39. cxd3 Qe6 40. Qd2 Nh7 41. Qf2 c5 42. Kg2 f6 43. f4 Qd7 44. fxg5 fxg5 45. Qe3 Bg7 46. Kf3 Qc6 47. Ne7+ 1-0

[Event "EU-ch Seniors 07th"]
[Site "Hockenheim"]
[Date "2007.06.05"]
[Round "4"]
[White "Hutchinson, Norman A"]
[Black "Tochtermann, Georg"]
[Result "1-0"]
[WhiteElo "2087"]
[BlackElo "1956"]
[PlyCount "67"]
[EventDate "2007.06.02"]
[EventType "swiss"]
[EventRounds "9"]
[EventCountry "GER"]
[SourceTitle "CBM 118 Extra"]
[Source "ChessBase"]
[SourceDate "2007.07.04"]
[SourceVersion "1"]
[SourceVersionDate "2007.07.04"]
[SourceQuality "1"]

1. e4 d6 2. d4 Nf6 3. Nc3 c6 4. f4 g6 5. Nf3 Bg7 6. Bd3 Qc7 7. 0-0 0-0 8. Qe1 Qb6 9. e5 Nd5 10. Nxd5 cxd5 11. c3 e6 12. Kh1 Qd8 13. Qg3 Nc6 14. Qh3 Ne7 15. Ng5 h6 16. Nf3 f5 17. g4 dxe5 18. fxe5 fxg4 19. Qxg4 Qe8 20. Bd2 Nf5 21. Rg1 Kh7 22. Nh4 g5 23. Raf1 Bd7 24. Nxf5 exf5 25. Bxf5+ Bxf5 26. Rxf5 Qe7 27. h4 Rf7 28. hxg5 Rxf5 29. Qxf5+ Kh8 30. Qh3 Rg8 31. g6 Rf8 32. Bxh6 Bxh6 33. Qxh6+ Kg8 34. g7 1-0

[Event "Bayern-chB 77th"]
[Site "Bad Woerishofen"]
[Date "2006.08.27"]
[Round "3"]
[White "Schmeltz, Gerd"]
[Black "Tochtermann, Georg"]
[Result "0-1"]
[WhiteElo "1904"]
[BlackElo "1806"]
[PlyCount "150"]
[EventDate "2006.08.26"]
[EventType "swiss"]
[EventRounds "9"]
[EventCountry "GER"]
[SourceTitle "EXT 2015"]
[Source "ChessBase"]
[SourceDate "2014.11.20"]
[SourceVersion "1"]
[SourceVersionDate "2014.11.20"]
[SourceQuality "1"]

1. e4 d6 2. d4 Nf6 3. Nc3 c6 4. Bg5 Nbd7 5. f4 Qc7 6. e5 Nd5 7. Nxd5 cxd5 8. Nf3 e6 9. Bd3 g6 10. 0-0 Bg7 11. Qe1 dxe5 12. fxe5 0-0 13. Qe3 f5 14. exf6 Nxf6 15. Ne5 Qb6 16. b3 Nd7 17. Rxf8+ Nxf8 18. c3 Qc7 19. Rc1 Bxe5 20. Qxe5 Qxe5 21. dxe5 Nd7 22. Bf4 Nc5 23. Bc2 Bd7 24. Be3 b6 25. Kf2 Bb5 26. Bxc5 bxc5 27. Ke3 a5 28. Re1 Rf8 29. Bd3 Bc6 30. g3 Kg7 31. Re2 h6 32. Rb2 g5 33. b4 axb4 34. cxb4 c4 35. b5 Bb7 36. Bb1 g4 37. a4 Rf3+ 38. Kd4 Ra3 39. Ra2 Rf3 40. a5 Rb3 41. Bc2 Rxb5 42. a6 Ba8 43. a7 Rb7 44. Ra6 Re7 45. Kc5 Kf7 46. Kd6 d4 47. Ra1 Kf8 48. Bd1 h5 49. Ra4 c3 50. Rxd4 Rxa7 51. Kxe6 Re7+ 52. Kf6 Rf7+ 53. Kg6 Rf1 54. Kxh5 Ke7 55. Kxg4 Ke6 56. Bb3+ Kxe5 57. Rc4 Rc1 58. Kg5 Be4 59. h4 Bd3 60. Rc7 Kd4 61. h5 Rb1 62. Ba4 Ra1 63. Rd7+ Ke3 64. Bb3 c2 65. Bxc2 Bxc2 66. g4 Ra5+ 67. Kh6 Ra6+ 68. Kg5 Ra5+ 69. Kf6 Ra6+ 70. Kg7 Kf4 71. Rd2 Rc6 72. Rd4+ Kg5 73. Rd5+ Kxg4 74. Rd2 Kxh5 75. Rg2 Bf5 0-1

[Event "Pfalz-ch Seniors 75th"]
[Site "Kaiserslautern"]
[Date "2006.04.10"]
[Round "4"]
[White "Frantzke, Helmut"]
[Black "Tochtermann, Georg"]
[Result "1/2-1/2"]
[WhiteElo "1791"]
[BlackElo "1776"]
[PlyCount "20"]
[EventDate "2006.04.07"]
[EventType "swiss"]
[EventRounds "7"]
[EventCountry "GER"]
[SourceTitle "EXT 2007"]
[Source "ChessBase"]
[SourceDate "2006.11.23"]
[SourceVersion "1"]
[SourceVersionDate "2006.11.23"]
[SourceQuality "1"]

1. Nf3 Nf6 2. d3 d6 3. g3 g6 4. Bg2 Bg7 5. 0-0 0-0 6. c3 Be6 7. Nbd2 Nbd7 8. c4 c5 9. Re1 Rb8 10. Nf1 Re8 1/2-1/2

[Event "Chiemgau Seniors Cup 1st"]
[Site "Bergen"]
[Date "2005.10.12"]
[Round "3"]
[White "Tochtermann, Georg"]
[Black "Budt, Karl Heinz"]
[Result "1/2-1/2"]
[WhiteElo "1960"]
[BlackElo "2104"]
[PlyCount "96"]
[EventDate "2005.10.11"]
[EventType "swiss"]
[EventRounds "9"]
[EventCountry "GER"]
[SourceTitle "EXT 2007"]
[Source "ChessBase"]
[SourceDate "2006.11.23"]
[SourceVersion "1"]
[SourceVersionDate "2006.11.23"]
[SourceQuality "1"]

1. e4 c5 2. c4 e6 3. Nc3 Nf6 4. g3 d5 5. d3 d4 6. Nce2 Nc6 7. Bg2 e5 8. h3 Be7 9. f4 exf4 10. Nxf4 0-0 11. Nd5 Bd6 12. Ne2 Nh5 13. Bf4 Nxf4 14. Ndxf4 Bxf4 15. Nxf4 Qg5 16. Ne2 Ne5 17. Qd2 Qxd2+ 18. Kxd2 g5 19. g4 Be6 20. Rhb1 a5 21. b3 Rfd8 22. a3 b5 23. cxb5 a4 24. Nc1 axb3 25. Nxb3 Bxb3 26. Rxb3 c4 27. dxc4 Nxc4+ 28. Kd3 Ne5+ 29. Kd2 Nc4+ 30. Kd3 Rac8 31. a4 Ne5+ 32. Kd2 d3 33. Ra2 Nc4+ 34. Kd1 Ne3+ 35. Kd2 Rc2+ 36. Kxe3 Rxa2 37. Bf3 d2 38. Bd1 Ra1 39. Ke2 Rxa4 40. Ke3 Ra1 41. Ke2 Rd4 42. b6 Rxe4+ 43. Kd3 Re8 44. b7 Rb8 45. Kxd2 Rd8+ 46. Kc2 Raxd1 47. b8Q R1d2+ 48. Kc1 Rd1+ 1/2-1/2

[Event "Chiemgau Seniors Cup 1st"]
[Site "Bergen"]
[Date "2005.10.12"]
[Round "2"]
[White "Tochtermann, Georg"]
[Black "Weigel, Herbert"]
[Result "1-0"]
[WhiteElo "1960"]
[BlackElo "2131"]
[PlyCount "127"]
[EventDate "2005.10.11"]
[EventType "swiss"]
[EventRounds "9"]
[EventCountry "GER"]
[SourceTitle "EXT 2007"]
[Source "ChessBase"]
[SourceDate "2006.11.23"]
[SourceVersion "1"]
[SourceVersionDate "2006.11.23"]
[SourceQuality "1"]

1. e4 c5 2. c4 Nc6 3. Nc3 g6 4. g3 Bg7 5. Bg2 d6 6. Nge2 Nf6 7. 0-0 0-0 8. d3 h6 9. h3 Kh7 10. Be3 Bd7 11. Qd2 Qc8 12. Kh2 Rb8 13. f4 a6 14. Rac1 b6 15. b3 e5 16. fxe5 Nxe5 17. d4 Nc6 18. dxc5 dxc5 19. Nd5 Ne8 20. Bf4 Ne5 21. Rcd1 Be6 22. g4 Rb7 23. Bg3 b5 24. cxb5 axb5 25. Rc1 c4 26. Nef4 Qa8 27. Nxe6 fxe6 28. Rxf8 Bxf8 29. Bxe5 exd5 30. exd5 Ra7 31. d6 Rxa2 32. Rc2 cxb3 33. Bxa8 Rxc2 34. Qxc2 bxc2 35. d7 c1Q 36. dxe8Q Qd2+ 37. Bg2 Qf2 38. Qxb5 Qf7 39. Qd5 Qe7 40. Qb7 h5 41. Qxe7+ Bxe7 42. Kg3 Kh6 43. Bf3 hxg4 44. hxg4 Bb4 45. Kf4 Bd2+ 46. Ke4 Kg5 47. Kd5 Bc1 48. Ke6 Bd2 49. Bd1 Be3 50. Kf7 Bd2 51. Bf6+ Kh6 52. Bc2 Be3 53. Bxg6 Bd2 54. Bf5 Be3 55. Ke6 Bd2 56. Kd5 Bc1 57. Ke4 Bd2 58. Bd4 Bb4 59. Kf4 Bd6+ 60. Be5 Be7 61. Be4 Bd8 62. Kf5 Be7 63. Bf6 Bb4 64. g5+ 1-0

[Event "Kurpfalz Seniors op 11th"]
[Site "Ludwigshafen"]
[Date "2005.09.19"]
[Round "2"]
[White "Tochtermann, Georg"]
[Black "Hiller, Joachim"]
[Result "1/2-1/2"]
[WhiteElo "1752"]
[BlackElo "1875"]
[PlyCount "43"]
[EventDate "2005.09.18"]
[EventType "swiss"]
[EventRounds "7"]
[EventCountry "GER"]
[SourceTitle "EXT 2007"]
[Source "ChessBase"]
[SourceDate "2006.11.23"]
[SourceVersion "1"]
[SourceVersionDate "2006.11.23"]
[SourceQuality "1"]

1. e4 e5 2. Nf3 Nc6 3. Bb5 a6 4. Ba4 Nf6 5. d3 b5 6. Bb3 Bc5 7. c3 d6 8. 0-0 0-0 9. Bg5 h6 10. Bh4 Be6 11. Bc2 Bg4 12. h3 Bd7 13. d4 Bb6 14. dxe5 dxe5 15. Bxf6 gxf6 16. Nbd2 Qc8 17. Kh2 Ne7 18. Nh4 Ng6 19. Qh5 Kh7 20. Nf5 Bxf5 21. exf5 Nf4 22. Qf3 1/2-1/2

[Event "Lipperland Seniors op 4th"]
[Site "Doerentrup"]
[Date "2005.05.31"]
[Round "6.12"]
[White "Tochtermann, Georg"]
[Black "Glende, Siegfried"]
[Result "1/2-1/2"]
[WhiteElo "2063"]
[BlackElo "1864"]
[PlyCount "105"]
[EventDate "2005.05.26"]
[EventType "swiss"]
[EventRounds "9"]
[EventCountry "GER"]
[SourceTitle "EXT 2006"]
[Source "ChessBase"]
[SourceDate "2005.11.24"]
[SourceVersion "1"]
[SourceVersionDate "2005.11.24"]
[SourceQuality "1"]

1. e4 e6 2. d3 c5 3. Be3 Nc6 4. g3 Qb6 5. b3 g6 6. Bg2 Bg7 7. c3 Nge7 8. Ne2 0-0 9. 0-0 d6 10. Na3 a6 11. Rb1 Qc7 12. Qd2 b5 13. Bh6 Qa5 14. Bxg7 Kxg7 15. Qb2 f6 16. Nc2 Bb7 17. Nf4 Nd8 18. d4 e5 19. dxe5 dxe5 20. Nd5 Rf7 21. Nce3 Ne6 22. Rbd1 Nc6 23. h4 Re8 24. Bh3 b4 25. Bxe6 Rxe6 26. Nc4 bxc3 27. Nxc3 Qc7 28. Nd5 Qb8 29. f3 Nd4 30. Nce3 h5 31. Rf2 Rc6 32. Rdf1 Qc8 33. Kg2 Qd7 34. f4 exf4 35. Rxf4 Bc8 36. Kg1 Qh3 37. Qg2 Qxg2+ 38. Kxg2 Re6 39. R1f2 Nc6 40. Rc2 Bb7 41. Rxc5 Ne5 42. Nc7 Ree7 43. Ned5 Nd3 44. Rc4 Nxf4+ 45. gxf4 Rd7 46. Kf3 Bxd5 47. Nxd5 Rb7 48. Rc6 Ra7 49. b4 g5 50. hxg5 fxg5 51. f5 g4+ 52. Kf4 Kh7 53. e5 1/2-1/2

[Event "Lipperland Seniors op 4th"]
[Site "Doerentrup"]
[Date "2005.05.28"]
[Round "3.14"]
[White "Heslenfeld, Peter Hermann"]
[Black "Tochtermann, Georg"]
[Result "1/2-1/2"]
[WhiteElo "2116"]
[BlackElo "2063"]
[PlyCount "24"]
[EventDate "2005.05.26"]
[EventType "swiss"]
[EventRounds "9"]
[EventCountry "GER"]
[SourceTitle "EXT 2006"]
[Source "ChessBase"]
[SourceDate "2005.11.24"]
[SourceVersion "1"]
[SourceVersionDate "2005.11.24"]
[SourceQuality "1"]

1. c4 c5 2. Nf3 b6 3. Nc3 Bb7 4. d4 Nf6 5. d5 d6 6. e4 Nbd7 7. Be2 g6 8. h3 Bg7 9. Be3 a6 10. Qd3 Ne5 11. Nxe5 dxe5 12. Rd1 0-0 1/2-1/2

[Event "Staufer Seniors op 11th"]
[Site "Schwaebisch Gmuend"]
[Date "2005.01.06"]
[Round "6"]
[White "Tochtermann, Georg"]
[Black "Villing, Dieter"]
[Result "0-1"]
[WhiteElo "2008"]
[BlackElo "2221"]
[PlyCount "58"]
[EventDate "2005.01.02"]
[EventType "swiss"]
[EventRounds "9"]
[EventCountry "GER"]
[SourceTitle "EXT 2007"]
[Source "ChessBase"]
[SourceDate "2006.11.23"]
[SourceVersion "1"]
[SourceVersionDate "2006.11.23"]
[SourceQuality "1"]

1. e4 d6 2. c4 Nf6 3. Nc3 e5 4. g3 Be7 5. Bg2 Nc6 6. Nge2 Be6 7. d3 Qd7 8. 0-0 Bh3 9. f4 0-0-0 10. Be3 h5 11. f5 Bxg2 12. Kxg2 h4 13. h3 hxg3 14. Nxg3 Rdg8 15. Nce2 g5 16. Rh1 g4 17. hxg4 Nxg4 18. Qd2 Bh4 19. Rh3 Nxe3+ 20. Qxe3 Bxg3 21. Rxg3 Qd8 22. Rh1 Rxg3+ 23. Nxg3 Rxh1 24. Kxh1 Qh4+ 25. Kg2 Nd4 26. Qf2 c6 27. Qd2 Qg4 28. Qf2 Kd7 29. b4 Qd1 0-1

[Event "GER-chA Seniors 16th"]
[Site "Templin"]
[Date "2004.09.09"]
[Round "6"]
[White "Bartlitz, Heinz"]
[Black "Tochtermann, Georg"]
[Result "0-1"]
[WhiteElo "1560"]
[BlackElo "1789"]
[PlyCount "32"]
[EventDate "2004.09.04"]
[EventType "swiss"]
[EventRounds "9"]
[EventCountry "GER"]
[SourceTitle "EXT 2005"]
[Source "ChessBase"]
[SourceDate "2004.11.15"]
[SourceVersion "1"]
[SourceVersionDate "2004.11.15"]
[SourceQuality "1"]

1. Nf3 Nf6 2. d4 g6 3. c4 Bg7 4. Nc3 b6 5. g3 Bb7 6. Bg2 d6 7. 0-0 Nbd7 8. e3 0-0 9. Re1 Re8 10. b3 c5 11. Bb2 Rb8 12. Rb1 a6 13. h3 Ne4 14. d5 Nxc3 15. Bxc3 Bxc3 16. Nh2 Bxe1 0-1

[Event "Mecklenburg VP-ch Seniors 03rd"]
[Site "Plau am See"]
[Date "2003.10.08"]
[Round "3"]
[White "Wuestefeld, Dietfried"]
[Black "Tochtermann, Georg"]
[Result "1-0"]
[WhiteElo "2180"]
[BlackElo "2049"]
[PlyCount "127"]
[EventDate "2003.10.??"]
[EventType "swiss"]
[EventRounds "9"]
[EventCountry "GER"]
[SourceTitle "EXT 2006"]
[Source "ChessBase"]
[SourceDate "2005.11.24"]
[SourceVersion "1"]
[SourceVersionDate "2005.11.24"]
[SourceQuality "1"]

1. e4 d6 2. Nc3 g6 3. d4 Bg7 4. Be3 c6 5. Nf3 Nf6 6. h3 Qc7 7. Qd2 Nbd7 8. Bd3 a6 9. Ne2 c5 10. c3 e5 11. dxe5 Nxe5 12. Nxe5 dxe5 13. Rd1 Be6 14. Bb1 Nd7 15. 0-0 Bc4 16. b3 Bxe2 17. Qxe2 0-0 18. Rd5 b6 19. Rfd1 Nf6 20. R5d3 b5 21. Qd2 Rfc8 22. Bg5 Ne8 23. Rd7 Qc6 24. Bh4 Rc7 25. Rd5 Qe6 26. Bd3 Nf6 27. Bxf6 Qxf6 28. Be2 Bf8 29. c4 b4 30. Qb2 Re8 31. Bg4 Qf4 32. Qc2 h5 33. g3 Qf6 34. Be2 Qe6 35. Kg2 Kg7 36. Qb2 f6 37. R1d3 Be7 38. Qd2 a5 39. f4 Ra7 40. Rf3 a4 41. f5 gxf5 42. Rxf5 Rh8 43. Bxh5 axb3 44. axb3 Ra3 45. Qd1 Rha8 46. Qg4+ Kf8 47. Qg6 Ra2+ 48. Kf3 R2a6 49. Rdxe5 Qg8 50. Qh6+ Qg7 51. Qxg7+ Kxg7 52. Rxe7+ Kh6 53. Rxc5 Ra3 54. Kf4 Rxb3 55. Rcc7 Rh8 56. Rf7 Kxh5 57. Rxf6 Rxg3 58. Kxg3 Rg8+ 59. Kf4 Rh8 60. Rf5+ Kh4 61. Rff7 Kxh3 62. Rh7+ Rxh7 63. Rxh7+ Kg2 64. Rb7 1-0

[Event "Liechtenstein Seniors op 03rd"]
[Site "Triesen"]
[Date "2003.05.28"]
[Round "6"]
[White "Nadenau, Oskar"]
[Black "Tochtermann, Georg"]
[Result "1/2-1/2"]
[WhiteElo "1887"]
[BlackElo "1820"]
[PlyCount "22"]
[EventDate "2003.05.??"]
[EventType "swiss"]
[EventRounds "9"]
[EventCountry "LIE"]
[SourceTitle "EXT 2006"]
[Source "ChessBase"]
[SourceDate "2005.11.24"]
[SourceVersion "1"]
[SourceVersionDate "2005.11.24"]
[SourceQuality "1"]

1. c4 Nf6 2. Nc3 e6 3. g3 c5 4. Bg2 Nc6 5. e3 Be7 6. Nge2 0-0 7. 0-0 d5 8. cxd5 exd5 9. d4 cxd4 10. exd4 Bf5 11. a3 Ne4 1/2-1/2

[Event "GER-ch Seniors 15th"]
[Site "Bad Wiessee"]
[Date "2003.05.11"]
[Round "2"]
[White "Tochtermann, Georg"]
[Black "Pape, Manfred"]
[Result "0-1"]
[WhiteElo "2063"]
[BlackElo "2138"]
[PlyCount "150"]
[EventDate "2003.05.??"]
[EventType "swiss"]
[EventRounds "9"]
[EventCountry "GER"]
[SourceTitle "EXT 2006"]
[Source "ChessBase"]
[SourceDate "2005.11.24"]
[SourceVersion "1"]
[SourceVersionDate "2005.11.24"]
[SourceQuality "1"]

1. e4 g6 2. c4 Bg7 3. Nc3 c5 4. g3 Nc6 5. Bg2 e6 6. Nge2 Nge7 7. d3 d6 8. 0-0 0-0 9. Be3 Nd4 10. Qd2 a6 11. Bh6 Rb8 12. Bxg7 Kxg7 13. Nxd4 cxd4 14. Ne2 e5 15. h3 b5 16. b3 Be6 17. cxb5 axb5 18. Rfc1 b4 19. Rc2 Qb6 20. Rac1 Rb7 21. Kh2 Ra8 22. f4 f6 23. f5 Bg8 24. h4 Ra3 25. Rf1 gxf5 26. exf5 d5 27. g4 Qd6 28. Ng3 Bf7 29. g5 Ra6 30. gxf6+ Qxf6 31. Qg5+ Kf8 32. Rff2 h6 33. Qg4 Rba7 34. Kh3 Be8 35. Nh5 Qf7 36. Ng3 Rf6 37. Rc5 Bd7 38. Kh2 Nxf5 39. Nxf5 Rxf5 40. Rxf5 Qxf5 41. Qxf5+ Bxf5 42. Rxd5 Rxa2 43. Kg3 Re2 44. Bf1 Re3+ 45. Kf2 Be6 46. Rb5 Bxb3 47. Rxb4 Bc2 48. Rb5 Kg7 49. Rc5 Bd1 50. Rc1 Bg4 51. Rc6 Bf5 52. Rc7+ Kf6 53. Rc6+ Ke7 54. Rxh6 Bxd3 55. Bg2 Be4 56. Bf1 Rf3+ 57. Ke1 d3 58. Rh5 Kd6 59. Rh6+ Kc5 60. Re6 Kd4 61. Re7 d2+ 62. Kxd2 Rxf1 63. Rd7+ Kc4 64. Ke3 Re1+ 65. Kd2 Rh1 66. Rc7+ Kd4 67. Rd7+ Bd5 68. Rh7 Rh2+ 69. Kc1 Kc3 70. Kd1 Bc4 71. Ke1 Kd4 72. Rd7+ Ke3 73. Kd1 Bd3 74. Kc1 Rc2+ 75. Kd1 Rb2 0-1

[Event "Wuerttemberg-ch Seniors 15th"]
[Site "Ellwangen"]
[Date "2003.04.18"]
[Round "8"]
[White "Tochtermann, Georg"]
[Black "Papapostolou, Christos"]
[Result "0-1"]
[WhiteElo "1863"]
[BlackElo "2108"]
[PlyCount "85"]
[EventDate "2003.04.??"]
[EventType "swiss"]
[EventRounds "9"]
[EventCountry "GER"]
[SourceTitle "EXT 2006"]
[Source "ChessBase"]
[SourceDate "2005.11.24"]
[SourceVersion "1"]
[SourceVersionDate "2005.11.24"]
[SourceQuality "1"]

1. e4 c5 2. c4 Nc6 3. Nc3 g6 4. g3 Bg7 5. Bg2 d6 6. Nge2 e6 7. 0-0 Nge7 8. d3 0-0 9. h3 a6 10. Be3 Nd4 11. Qd2 Rb8 12. Bh6 b5 13. Bxg7 Kxg7 14. cxb5 axb5 15. Nxd4 cxd4 16. Ne2 Qb6 17. h4 Bb7 18. Rfc1 e5 19. f4 h6 20. g4 f6 21. Kh2 Rbc8 22. Rxc8 Rxc8 23. g5 hxg5 24. fxg5 f5 25. Ng3 f4 26. Ne2 Rh8 27. Qe1 d5 28. Ng1 dxe4 29. dxe4 Nc6 30. Nf3 Bc8 31. Bh3 Bxh3 32. Kxh3 Qd8 33. Rc1 Qd7+ 34. Kh2 Rc8 35. Rc5 b4 36. Qf1 Re8 37. Qh3 Qe6 38. Qxe6 Rxe6 39. a3 bxa3 40. bxa3 Kf8 41. Ne1 Ne7 42. Nd3 Ra6 43. a4 0-1

[Event "Wuerttemberg-ch Seniors 15th"]
[Site "Ellwangen"]
[Date "2003.04.15"]
[Round "5"]
[White "Bleher, Walter"]
[Black "Tochtermann, Georg"]
[Result "1/2-1/2"]
[WhiteElo "1933"]
[BlackElo "1863"]
[PlyCount "48"]
[EventDate "2003.04.??"]
[EventType "swiss"]
[EventRounds "9"]
[EventCountry "GER"]
[SourceTitle "EXT 2006"]
[Source "ChessBase"]
[SourceDate "2005.11.24"]
[SourceVersion "1"]
[SourceVersionDate "2005.11.24"]
[SourceQuality "1"]

1. e4 d6 2. d4 Nf6 3. Nc3 c6 4. f3 g6 5. Be3 Bg7 6. Qd2 Qc7 7. Bc4 b5 8. Bb3 a5 9. a4 Bd7 10. Nge2 b4 11. Nd1 c5 12. Qd3 cxd4 13. Nxd4 Na6 14. Nb5 Qb8 15. Bc4 Nc7 16. 0-0 0-0 17. Nd4 d5 18. Bb3 e5 19. Ne2 d4 20. Bg5 Be6 21. Bxe6 Nxe6 22. f4 Nxg5 23. fxg5 Nd7 24. c3 Nc5 1/2-1/2

[Event "Wuerttemberg-ch Seniors 15th"]
[Site "Ellwangen"]
[Date "2003.04.14"]
[Round "4"]
[White "Tochtermann, Georg"]
[Black "Fritsch, Wolfgang"]
[Result "1-0"]
[WhiteElo "1863"]
[BlackElo "1715"]
[PlyCount "121"]
[EventDate "2003.04.??"]
[EventType "swiss"]
[EventRounds "9"]
[EventCountry "GER"]
[SourceTitle "EXT 2006"]
[Source "ChessBase"]
[SourceDate "2005.11.24"]
[SourceVersion "1"]
[SourceVersionDate "2005.11.24"]
[SourceQuality "1"]

1. e4 e5 2. Nf3 Nf6 3. Nc3 Nc6 4. Bb5 Bb4 5. 0-0 0-0 6. Bxc6 bxc6 7. d3 d6 8. h3 h6 9. Ne2 Re8 10. g4 d5 11. Ng3 Nh7 12. Kg2 Bf8 13. Nf5 Bxf5 14. gxf5 Qf6 15. Nh2 Qh4 16. Qg4 Be7 17. Rg1 Qxg4+ 18. Nxg4 Bg5 19. Bxg5 Nxg5 20. h4 Nh7 21. Kf3 Kh8 22. Rae1 h5 23. Ne3 Nf6 24. c3 Rab8 25. b3 Kh7 26. Rg5 Rh8 27. Reg1 Rhg8 28. Ke2 g6 29. f3 Rbe8 30. R5g2 d4 31. fxg6+ fxg6 32. cxd4 exd4 33. Nc2 c5 34. Rg5 Nd7 35. Rd5 Rg7 36. f4 Re6 37. f5 Re5 38. fxg6+ Kh6 39. Rxe5 Nxe5 40. Rg5 Nd7 41. Rd5 Kxg6 42. Ne1 Kh6 43. Kf3 Rf7+ 44. Ke2 Rg7 45. Nf3 Nb6 46. Rxc5 Rg2+ 47. Kd1 Rg3 48. Ke2 Rg2+ 49. Kf1 Rxa2 50. Rc6+ Kg7 51. Rxc7+ Kh6 52. Nxd4 Rd2 53. Nf5+ Kg6 54. d4 Rb2 55. Rxa7 Rxb3 56. Ra6 Kf7 57. Ke2 Nc4 58. e5 Nb6 59. Ne3 Rb4 60. Kd3 Nd7 61. e6+ 1-0